000 00681nam a2200229Ia 4500
003 OSt
005 20220927104744.0
006 a|||||r|||| 00| 0
007 ta
008 220926b |||||||| |||| 00| 0 eng d
024 _a147939
037 _cReference Collections
040 _aRTL
_cRTL
_beng
041 _2eng
_aeng
082 _a"X71:8.2.N9, N2/GD"
100 _aKulshrestha N K
_9367122
245 0 _aZero Base Budgeting concept process and Techniques
260 _aDelhi
_bNew United Process
_c1992
300 _a60p
_ccm.
942 _h"X71:8.2.N9, N2/GD"
_cCC
999 _c688556
_d688556